An American miscellany /

Bibliographic Details
Main Author: Hearn, Lafcadio, 1850-1904
Other Authors: Mordell, Albert, 1885-1965
Format: Book
Language:English
Published: New York : Dodd, Mead and company, 1924.

MARC

Tag First Indicator Second Indicator Subfields
LEADER 00000cam a2200000 4500
001 in00000031559
005 20151007061724.0
008 730810s1924 nyu 00010 eng u
010 |a  24024066  
035 |a (OCoLC)00675501 
035 |9 AAD2877AM 
040 |c DAY  |d TXA  |d UtOrBLW 
049 |a TXAM  |v 1 [129338]  |v 2 [129339] 
050 0 0 |a PS1915  |b .A35 1924 
092 |a 818  |b H436a 
100 1 |a Hearn, Lafcadio,  |d 1850-1904. 
245 1 3 |a An American miscellany /  |c by Lafcadio Hearn, articles and stories now first collected by Albert Mordell. 
264 1 |a New York :  |b Dodd, Mead and company,  |c 1924. 
300 |a 2 volumes ;  |c 23 cm. 
336 |a text  |b txt  |2 rdacontent 
337 |a unmediated  |b n  |2 rdamedia 
338 |a volume  |b nc  |2 rdacarrier 
700 1 |a Mordell, Albert,  |d 1885-1965. 
999 |a MARS 
999 f f |s f9b0e6a8-1ddb-3764-b61f-b88b31515f9a  |i 30f3678c-2387-31f1-961c-c6a0320b2b9c  |t 0 
952 f f |p ric  |a Texas A&M University  |b Rellis Campus  |c Joint Library Facility  |d Remote Storage  |t 0  |e PS1915 .A35 1924  |h Library of Congress classification  |i unmediated -- volume  |k v.2  |m A14801264400 
952 f f |p ric  |a Texas A&M University  |b Rellis Campus  |c Joint Library Facility  |d Remote Storage  |t 0  |e PS1915 .A35 1924  |h Library of Congress classification  |i unmediated -- volume  |k v.1  |m A14801264395 
998 f f |a PS1915 .A35 1924  |s v.1-v.2  |t 0  |l Remote Storage